| 000 | 02455cgm a2200565Ki 4500 | ||
|---|---|---|---|
| 001 | 1269515797 | ||
| 003 | OCoLC | ||
| 005 | 20211112105646.0 | ||
| 007 | vd cvaizq | ||
| 008 | 210929s2021 cau089 vleng d | ||
| 024 | 1 | _a031398329589 | |
| 028 | 4 | 2 |
_aA059400 _bSony |
| 035 | _a(OCoLC)1269515797 | ||
| 037 |
_bMidwest Tape _nhttp://www.midwesttapes.com |
||
| 040 |
_aTEFMT _beng _erda _cTEFMT _dTEF _dOCLCO |
||
| 041 | 1 |
_aeng _heng |
|
| 050 | 4 |
_aPN1997.2 _b.S38 2021 |
|
| 082 | 0 | 4 |
_a791.43/72 _223 |
| 092 | _esaving sloane | ||
| 245 | 0 | 0 |
_aSaving sloane / _cproducers, Liz Cardenas, Jared Safier, Phillip B. Goldfine ; writer/director, Steve Franke. |
| 264 | 1 |
_aSanta Monica, CA : _bLionsgate, _c[2021] |
|
| 300 |
_a1 videodisc (89 min.) : _bsound, color ; _c4 3/4 in. |
||
| 336 | _atwo-dimensional moving image | ||
| 337 | _avideo | ||
| 338 | _avideodisc | ||
| 500 | _aTitle from web page. | ||
| 500 | _aOriginally released as a motion picture in 2021. | ||
| 500 | _aWide screen. | ||
| 511 | 1 | _aLiz Cardenas, Gerardo Davila, Augustine Frizzell, Bryan Massey, Atheena Frizzell. | |
| 520 | _aAfter spoiled city girl Sloane Emerson gets in trouble yet again, her wealthy parents send her off to the country. There, the rebellious teen ends up forming a bond with the last thing in the world she would've thought a horse. | ||
| 521 | 8 | _aRating: PG. | |
| 538 | _aDVD, wide screen; Dolby digital 5.1. | ||
| 546 | _aEnglish dialogue; Spanish subtitles; subtitled for the deaf and hard of hearing (SDH). | ||
| 650 | 0 |
_aTeenage girls _vDrama. _95689229 |
|
| 650 | 0 |
_aHuman-animal relationships _vDrama. _95692867 |
|
| 650 | 0 |
_aHorses _vDrama. _95689230 |
|
| 655 | 7 |
_aFeature films. _2lcgft. |
|
| 655 | 7 |
_aVideo recordings for the hearing impaired. _2lcgft. |
|
| 700 | 1 |
_aFranke, Steve, _efilm director, _escreenwriter. _96232142 |
|
| 700 | 1 |
_aCardenas, Liz, _efilm producer, _eactor. _96433583 |
|
| 700 | 1 |
_aSafier, Jared, _efilm producer. _96433584 |
|
| 700 | 1 |
_aGoldfine, Phillip B., _efilm producer. _96242030 |
|
| 700 | 1 |
_aDavila, Gerardo, _eactor. _96433585 |
|
| 700 | 1 |
_aFrizzell, Augustine, _eactor. _96433586 |
|
| 700 | 1 |
_aMassey, Bryan, _eactor. _96433587 |
|
| 710 | 2 |
_aLions Gate Films (Santa Monica, Calif.), _epublisher. _96362752 |
|
| 856 | 7 |
_3View cover art _uhttp://midwesttapes.com/images/movies/14477074.gif _2image |
|
| 907 | _a.b45860091x | ||
| 942 |
_2ddc _cDVD NEW |
||
| 999 |
_c367571 _d367571 |
||